تخطي إلى المحتوى
حسابك
تسجيل الخروج
تسجيل الدخول
اللغة
English
Deutsch
Español
Français
Italiano
日本語
Nederlands
Português
Português (Brasil)
中文(简体)
中文(繁體)
Türkçe
עברית
Gaeilge
Cymraeg
Ελληνικά
Català
Euskara
Русский
Čeština
Suomi
Svenska
polski
Dansk
slovenščina
اللغة العربية
বাংলা
Galego
Tiếng Việt
Hrvatski
हिंदी
كل الحقول
العنوان
المؤلف
الموضوع
رقم الطلب
ردمك/تدمد
الوسم
ابحث
بحث متقدم
Annual report of transport eco...
عرض للأخصائي
استشهد بهذا
أرسل هذا بالبريد الإلكتروني
طباعة
تصدير التسجيلة
تصدير إلى RefWorks
تصدير إلى EndNoteWeb
تصدير إلى EndNote
تصدير إلى MARC
تصدير إلى MARCXML
تصدير إلى RDF
تصدير إلى BibTeX
تصدير إلى RIS
أضف إلى المفضلة
Annual report of transport economy summary
محفوظ في:
التفاصيل البيبلوغرافية
التنسيق:
كتاب
اللغة:
Undetermined
منشور في:
Japan
1982
الموضوعات:
Transport
الوسوم:
إضافة وسم
لا توجد وسوم, كن أول من يضع وسما على هذه التسجيلة!
Thư viện lưu trữ:
Trung tâm Học liệu Trường Đại học Cần Thơ
المقتنيات
الوصف
التعليقات
مواد مشابهة
عرض للأخصائي
LEADER
00381nam a2200145Ia 4500
001
CTU_98453
008
210402s9999 xx 000 0 und d
082
|a
388.3
082
|b
A615
245
0
|a
Annual report of transport economy summary
260
|a
Japan
260
|c
1982
650
|a
Transport
904
|i
Tuyến
980
|a
Trung tâm Học liệu Trường Đại học Cần Thơ
مواد مشابهة
Annual report of transport economy summary :
منشور في: (1983)
FY 1978 annual report on the transportation business :
منشور في: (1978)
Annual report of the economy summary summary (fiscal 1978)
منشور في: (1978)
Annual report of the economy summary (fiscal 1979)
منشور في: (1979)
Illustrated transport economy of Japan
منشور في: (1974)
تحميل...